000 01040nam a2200205Ia 4500
001 17152
003 GE_BSU
008 181216s||||||||xx |||||||||||||| ||und||
040 _cGE_BSU
080 _a37.01
100 _aგოგებაშვილი, იაკობ (1840-1912)
245 _aთხზულებანი. ტ.1
245 _cრედ.: გ. თავზიშვილი და დ. ლორთქიფანიძე. ტომი შეადგინეს, მოამზადეს დასაბეჭდად და კომენტარები დაურთეს ვ. ქაჯაიამ და ზ. კიკნაძემ ; [დ. ლორთქიფანიძის შესავალი წერილით
260 _aთბილისი
260 _bპედ. მეცნ. სამეცნ.-საკვლ. ინ-ტი
260 _c1955
300 _a514 გვ. : 1 ფ. პორტრ.22სმ.
653 _aთხზულებანი
942 _cBK
999 _c50214
_d50214